000 00438pab a2200169 454500
008 180718b1999 xxu||||| |||| 00| 0 eng d
100 _aBhattacharya, B.B.
245 _aInternational financial system and the `Euro'
260 _c1999
300 _ap.9-13
362 _a5 May
650 _aInternational monetary systems
650 _aCurrencies
650 _aEuropean monetary union
773 _aBanking Finance
909 _a40838
999 _c40838
_d40838